| 000 | 01270nam a2200313 a 4500 | ||
|---|---|---|---|
| 001 | ebr10522069 | ||
| 003 | CaPaEBR | ||
| 006 | m u | ||
| 007 | cr cn||||||||| | ||
| 008 | 120127s2011 enkab sb 001 0 eng d | ||
| 020 | _z9781848857230 | ||
| 020 | _z9780857719973 (e-book) | ||
| 040 |
_aCaPaEBR _cCaPaEBR |
||
| 035 | _a(OCoLC)808372550 | ||
| 043 | _aa-ii--- | ||
| 050 | 1 | 4 |
_aDS480.5 _b.L56 2011eb |
| 100 | 1 | _aLloyd, Nick. | |
| 245 | 1 | 4 |
_aThe Amritsar Massacre _h[electronic resource] : _bthe untold story of one fateful day / _cNick Lloyd. |
| 260 |
_aLondon : _bI.B. Tauris, _c2011. |
||
| 300 |
_axxxiii, 264 p. : _bill., maps. |
||
| 504 | _aIncludes bibliographical references and index. | ||
| 505 | 0 | _apt. 1. Beginnings -- pt. 2. Disturbances -- pt. 3. Aftermath. | |
| 533 |
_aElectronic reproduction. _bPalo Alto, Calif. : _cebrary, _d2012. _nAvailable via World Wide Web. _nAccess may be limited to ebrary affiliated libraries. |
||
| 650 | 0 | _aAmritsar Massacre, Amritsar, India, 1919. | |
| 650 | 0 |
_aPolitical atrocities _zIndia _zAmritsar. |
|
| 655 | 7 |
_aElectronic books. _2local |
|
| 710 | 2 | _aebrary, Inc. | |
| 856 | 4 | 0 |
_uhttp://site.ebrary.com/lib/rucke/Doc?id=10522069 _zAn electronic book accessible through the World Wide Web; click to view |
| 999 |
_c142394 _d142394 |
||